[Event "Dhaka Elegant Chess Academy 1st"]
[Site "Dhaka"]
[Date "2024.07.14"]
[Round "4.3"]
[White "Md, Sariatullah"]
[Black "Majumder, Shrayan"]
[Result "0-1"]
[WhiteElo "2062"]
[BlackElo "2059"]
[PlyCount "61"]
[EventDate "2024.07.11"]
[EventType "team-tourn"]
[EventRounds "11"]
[EventCountry "BAN"]
[SourceTitle "EXT 2025"]
[Source "ChessBase"]
[SourceDate "2024.10.14"]
[SourceVersion "1"]
[SourceVersionDate "2024.10.14"]
[SourceQuality "1"]
[WhiteTeam "Sadharan Bima Corporation"]
[BlackTeam "Khelagaor Daba SSangha"]
[WhiteTeamCountry "BAN"]
[BlackTeamCountry "BAN"]

1. b3 d5 2. Bb2 Nf6 3. e3 Bf5 4. Nf3 h6 5. c4 e6 6. cxd5 exd5 7. Be2 Bd6 8. Nc3 c6 9. 0-0 0-0 10. d4 Nbd7 11. Rc1 Re8 12. a3 Qe7 13. Ra1 Ne4 14. Nxe4 Bxe4 15. Bd3 f5 16. g3 g5 17. Re1 Qf7 18. b4 Re6 19. Bc3 Rf8 20. Rf1 Nf6 21. Be2 Ng4 22. h3 Qh5 23. hxg4 fxg4 24. Nh4 Bf3 25. Bxf3 gxf3 26. Nxf3 Rxf3 27. Kg2 Ref6 28. Be1 Qg4 29. Rh1 Qe4 30. Kh2 h5 31. Ra2 0-1

[Event "Chess.com Speed Play In"]
[Site "Chess.com INT"]
[Date "2024.06.27"]
[Round "8"]
[White "Garcia, Angie"]
[Black "Md, Sariatullah"]
[Result "1-0"]
[WhiteElo "2015"]
[BlackElo "2005"]
[PlyCount "123"]
[EventDate "2024.06.27"]
[EventType "swiss (blitz)"]
[EventRounds "11"]
[EventCountry "USA"]
[SourceTitle "CBM 220 Extra"]
[Source "ChessBase"]
[SourceDate "2024.07.31"]
[SourceVersion "1"]
[SourceVersionDate "2024.07.31"]
[SourceQuality "1"]

1. e4 Nc6 2. Nf3 f5 3. e5 d6 4. d4 dxe5 5. dxe5 Qxd1+ 6. Kxd1 Be6 7. c3 h6 8. Kc2 g5 9. h3 Bg7 10. Bb5 Bd5 11. Nbd2 0-0-0 12. Re1 e6 13. c4 Bxf3 14. Nxf3 Nge7 15. Be3 f4 16. Bc5 a6 17. Ba4 b6 18. Ba3 Kb7 19. b4 Nf5 20. b5 axb5 21. Bxb5 Ncd4+ 22. Nxd4 Nxd4+ 23. Kc3 Nxb5+ 24. cxb5 Rd5 25. Kc4 Bxe5 26. Rad1 Rhd8 27. Rxd5 Rxd5 28. Bf8 h5 29. a4 Bd6 30. Bh6 Rc5+ 31. Kb3 Be5 32. Bxg5 Bc3 33. Rxe6 Rxg5 34. Kxc3 Rxg2 35. Re2 Rh2 36. Kd4 Rxh3 37. Ke4 f3 38. Re1 Rh4+ 39. Kxf3 Rxa4 40. Re5 h4 41. Rh5 Rc4 42. Kg2 c5 43. bxc6+ Kxc6 44. Rh6+ Kb5 45. Kh3 Kc5 46. Rh8 b5 47. f3 b4 48. Rc8+ Kd5 49. Rb8 Rf4 50. Rb7 Rxf3+ 51. Kxh4 Rd3 52. Rxb4 Rd1 53. Rg4 Rh1+ 54. Kg5 Ra1 55. Kf6 Kd6 56. Kg5 Kc7 57. Kg6 Ra5 58. Kg7 Ra8 59. Kf6 Kd6 60. Rd4+ Kc5 61. Re4 Re8 62. Rxe8 1-0

[Event "Chess.com Speed Play In"]
[Site "Chess.com INT"]
[Date "2024.06.27"]
[Round "7"]
[White "Md, Sariatullah"]
[Black "Coe, William R"]
[Result "1-0"]
[WhiteElo "2005"]
[BlackElo "2078"]
[PlyCount "103"]
[EventDate "2024.06.27"]
[EventType "swiss (blitz)"]
[EventRounds "11"]
[EventCountry "USA"]
[SourceTitle "CBM 220 Extra"]
[Source "ChessBase"]
[SourceDate "2024.07.31"]
[SourceVersion "1"]
[SourceVersionDate "2024.07.31"]
[SourceQuality "1"]

1. e4 c5 2. Nf3 e6 3. c3 d5 4. e5 d4 5. d3 Nc6 6. Be2 Qc7 7. Bf4 Nge7 8. cxd4 Nxd4 9. Nbd2 Ng6 10. Bg3 Be7 11. Rc1 Nxe2 12. Qxe2 b6 13. Ne4 0-0 14. 0-0 Ba6 15. Rfd1 Rad8 16. Qe3 Rd5 17. Nd6 Nxe5 18. Nxf7 Nxf3+ 19. gxf3 Qc8 20. Ne5 Bd6 21. f4 Bxe5 22. fxe5 Rfd8 23. Bh4 R8d7 24. f4 Qf8 25. d4 cxd4 26. Qa3 Qxa3 27. bxa3 d3 28. Bf2 Kf7 29. Rd2 Kg6 30. Be3 Kf5 31. Kf2 Ke4 32. Rb1 Ra5 33. Rb4+ Kf5 34. Rb3 Rad5 35. Kf3 Bc4 36. Rc3 b5 37. a4 a6 38. axb5 axb5 39. a4 h6 40. a5 Rc7 41. a6 b4 42. a7 Rd8 43. Rc1 b3 44. Kf2 g5 45. Bb6 b2 46. Rb1 Ra8 47. Bxc7 Rxa7 48. Bb6 Ra6 49. Bd4 gxf4 50. Rbxb2 Ke4 51. Bc3 Ra3 52. Bb4 1-0

[Event "BAN-chB 48th"]
[Site "Dhaka"]
[Date "2024.06.15"]
[Round "9"]
[White "Md, Sariatullah"]
[Black "Ghosh, Chanchal Kumer"]
[Result "1-0"]
[WhiteElo "2005"]
[BlackElo "2054"]
[PlyCount "87"]
[EventDate "2024.06.07"]
[EventType "swiss"]
[EventRounds "9"]
[EventCountry "BAN"]
[SourceTitle "EXT 2025"]
[Source "ChessBase"]
[SourceDate "2024.10.14"]
[SourceVersion "1"]
[SourceVersionDate "2024.10.14"]
[SourceQuality "1"]

1. b3 d5 2. Bb2 Nf6 3. e3 c5 4. Nf3 Bg4 5. Be2 Nc6 6. d4 e6 7. Nbd2 Bd6 8. dxc5 Bxc5 9. Ne5 Bxe2 10. Qxe2 0-0 11. 0-0 Rc8 12. Rfd1 Nxe5 13. Bxe5 Nd7 14. Bb2 Qh4 15. c4 Nb6 16. Rac1 Rfd8 17. cxd5 Nxd5 18. Rc4 Qe7 19. Ne4 Bb6 20. Rxc8 Rxc8 21. Rxd5 exd5 22. Qg4 Qf8 23. Nf6+ Kh8 24. Qh3 h6 25. Qf5 g6 26. Nxd5+ f6 27. Bxf6+ Kh7 28. Qd7+ Kg8 29. Qxc8 Qxc8 30. Ne7+ Kf7 31. Nxc8 Kxf6 32. Nxb6 axb6 33. Kf1 Ke5 34. Ke2 g5 35. Kd3 Kd5 36. f3 h5 37. g3 b5 38. f4 gxf4 39. gxf4 b6 40. e4+ Kc5 41. f5 b4 42. f6 Kd6 43. e5+ Ke6 44. Kc4 1-0

[Event "BAN-chB 48th"]
[Site "Dhaka"]
[Date "2024.06.13"]
[Round "7"]
[White "Rahman, Syed Mahfuzur"]
[Black "Md, Sariatullah"]
[Result "1-0"]
[WhiteElo "2120"]
[BlackElo "2005"]
[PlyCount "75"]
[EventDate "2024.06.07"]
[EventType "swiss"]
[EventRounds "9"]
[EventCountry "BAN"]
[SourceTitle "EXT 2025"]
[Source "ChessBase"]
[SourceDate "2024.10.14"]
[SourceVersion "1"]
[SourceVersionDate "2024.10.14"]
[SourceQuality "1"]

1. Nf3 Nf6 2. c4 e6 3. d4 c5 4. g3 cxd4 5. Nxd4 Nc6 6. Nc3 a6 7. Bg2 Qc7 8. 0-0 Bc5 9. Nb3 Be7 10. c5 b6 11. Bf4 Qa7 12. cxb6 Qxb6 13. Bd6 Ra7 14. Na4 Qd8 15. Rc1 0-0 16. e4 Bb7 17. Qd2 Bxd6 18. Qxd6 Ne8 19. Qd2 d6 20. Rfd1 Ba8 21. Qe3 Qb8 22. Nb6 Rc7 23. Nxa8 Qxa8 24. Qb6 Qc8 25. Bf1 Nb8 26. Rxc7 Qxc7 27. Qxc7 Nxc7 28. Rxd6 f6 29. Nc5 Kf7 30. Nxa6 Ke7 31. Rb6 Nd7 32. Rb7 Nxa6 33. Bxa6 Kd6 34. b4 g5 35. Bb5 Ne5 36. f4 gxf4 37. gxf4 Nc6 38. Rb6 1-0

[Event "BAN-chB 48th"]
[Site "Dhaka"]
[Date "2024.06.12"]
[Round "6"]
[White "Md, Sariatullah"]
[Black "Md Abu, Hanif"]
[Result "0-1"]
[WhiteElo "2005"]
[BlackElo "2076"]
[PlyCount "149"]
[EventDate "2024.06.07"]
[EventType "swiss"]
[EventRounds "9"]
[EventCountry "BAN"]
[SourceTitle "EXT 2025"]
[Source "ChessBase"]
[SourceDate "2024.10.14"]
[SourceVersion "1"]
[SourceVersionDate "2024.10.14"]
[SourceQuality "1"]

1. e4 e6 2. d4 d5 3. e5 c5 4. c3 Nc6 5. Nf3 Bd7 6. Be2 cxd4 7. cxd4 Qb6 8. a3 Nge7 9. Nc3 Nf5 10. Na4 Qc7 11. Nc3 h5 12. Bg5 a6 13. 0-0 Be7 14. Be3 b5 15. Rc1 Qb6 16. Qd2 Na5 17. Qc2 Rc8 18. b4 Nc4 19. Bxc4 Rxc4 20. Qd3 a5 21. bxa5 Qxa5 22. Nd2 Bxa3 23. Nxc4 bxc4 24. Qe2 Bxc1 25. Rxc1 Qa3 26. Qd2 0-0 27. h3 Rb8 28. Bg5 h4 29. Qd1 Qa7 30. Ne2 Qa4 31. Qd2 Qa3 32. Qf4 Qd3 33. Qg4 Rb2 34. Re1 Qe4 35. Qxe4 dxe4 36. Nc3 Bc6 37. Be3 Rc2 38. Ne2 c3 39. g4 hxg3 40. Nxg3 Nh4 41. Rd1 Bd5 42. Kh1 Nf3 43. Kg2 g6 44. Nf1 Bc4 45. Nh2 Be2 46. Ra1 Nh4+ 47. Kg1 Rb2 48. Ra8+ Kh7 49. Ng4 Bxg4 50. hxg4 c2 51. Rc8 g5 52. Kh2 Nf3+ 53. Kg3 Kg7 54. Rc7 Kf8 55. Rc8+ Ke7 56. Rc7+ Ke8 57. Rc8+ Kd7 58. Rc3 Nxd4 59. Bxd4 Rb3 60. Rxb3 c1Q 61. Be3 Qg1+ 62. Kh3 Qh1+ 63. Kg3 Qh4+ 64. Kg2 Qxg4+ 65. Kh2 Qf3 66. Rc3 Qh5+ 67. Kg2 Qf3+ 68. Kh2 Qd1 69. Kg2 Qg4+ 70. Kh2 Qf5 71. Bd4 e3 72. fxe3 Qf2+ 73. Kh3 Qf3+ 74. Kh2 g4 75. Rc2 0-1

[Event "BAN-chB 48th"]
[Site "Dhaka"]
[Date "2024.06.07"]
[Round "1"]
[White "Mohammad, Javed"]
[Black "Md, Sariatullah"]
[Result "1-0"]
[WhiteElo "2148"]
[BlackElo "2005"]
[PlyCount "63"]
[EventDate "2024.06.07"]
[EventType "swiss"]
[EventRounds "9"]
[EventCountry "BAN"]
[SourceTitle "EXT 2025"]
[Source "ChessBase"]
[SourceDate "2024.10.14"]
[SourceVersion "1"]
[SourceVersionDate "2024.10.14"]
[SourceQuality "1"]

1. d4 Nf6 2. Nf3 e6 3. Bf4 d5 4. e3 c5 5. Nbd2 Nc6 6. c3 Bd6 7. Bg3 0-0 8. Bd3 Re8 9. Ne5 Ne7 10. f4 b6 11. 0-0 Bb7 12. Qb1 g6 13. Bb5 Rf8 14. Bh4 Ne4 15. Nxe4 dxe4 16. Bc6 Bxc6 17. Nxc6 Qc7 18. Bxe7 Bxe7 19. Qxe4 Bf6 20. b4 Rfc8 21. b5 Qd6 22. Rfd1 c4 23. d5 Qc5 24. dxe6 Qxb5 25. exf7+ Kg7 26. Ne5 Bxe5 27. Rd5 Qc6 28. fxe5 Kxf7 29. Rad1 Rc7 30. e6+ Kg8 31. Rd8+ Rxd8 32. Rxd8+ 1-0

[Event "Dhaka op"]
[Site "Dhaka"]
[Date "2024.01.21"]
[Round "7"]
[White "Saiful Islam, Chowdhury"]
[Black "Md, Sariatullah"]
[Result "1-0"]
[WhiteElo "2130"]
[BlackElo "2004"]
[PlyCount "119"]
[EventDate "2024.01.15"]
[EventType "swiss"]
[EventRounds "9"]
[EventCountry "BAN"]
[SourceTitle "CBM 218 Extra"]
[Source "ChessBase"]
[SourceDate "2024.03.31"]
[SourceVersion "1"]
[SourceVersionDate "2024.03.31"]
[SourceQuality "1"]

1. e4 c5 2. Nf3 e6 3. Nc3 a6 4. a4 Qc7 5. Bc4 Nc6 6. 0-0 Nf6 7. Re1 d6 8. d4 cxd4 9. Nxd4 Be7 10. Nxc6 bxc6 11. a5 0-0 12. Bd3 e5 13. h3 Bb7 14. f4 Rfe8 15. Qf3 Nd7 16. Rf1 d5 17. Kh1 Nf6 18. fxe5 Qxe5 19. exd5 cxd5 20. Bf4 Qe6 21. Rae1 Qd7 22. Be5 Bd8 23. Qg3 Rxe5 24. Qxe5 Bc7 25. Qe7 Qc6 26. Rxf6 gxf6 27. Bxh7+ Kg7 28. Bf5 Qd6 29. Qxd6 Bxd6 30. Kg1 Bb4 31. Ra1 Re8 32. Ra4 Bc5+ 33. Kf1 d4 34. Nd1 Bc6 35. Ra1 Bb5+ 36. Bd3 Bxd3+ 37. cxd3 Bb4 38. Nf2 Re3 39. g4 Re5 40. Ra4 Rb5 41. Ne4 Kg6 42. Ke2 Bxa5 43. Kf3 f5 44. Nd6 fxg4+ 45. hxg4 Rd5 46. Nc4 Bc7 47. Rxa6+ Kg5 48. Ra7 Rc5 49. b4 Rc6 50. b5 Rf6+ 51. Ke4 Bh2 52. b6 Kxg4 53. b7 Re6+ 54. Kd5 Re1 55. Ra2 Bf4 56. Rf2 Rb1 57. Kc6 f5 58. Rxf4+ Kxf4 59. Nb6 Rc1+ 60. Kd5 1-0

[Event "Titled Tuesday intern op 09th Jan Early"]
[Site "Chess.com INT"]
[Date "2024.01.09"]
[Round "3"]
[White "Md, Sariatullah"]
[Black "Kuznecova, Marija"]
[Result "1-0"]
[WhiteElo "2004"]
[BlackElo "2011"]
[PlyCount "43"]
[EventDate "2024.01.09"]
[EventType "swiss (blitz)"]
[EventRounds "11"]
[EventCountry "USA"]
[SourceTitle "CBM 218 Extra"]
[Source "ChessBase"]
[SourceDate "2024.03.31"]
[SourceVersion "1"]
[SourceVersionDate "2024.03.31"]
[SourceQuality "1"]

1. e4 c5 2. Nf3 d6 3. d4 cxd4 4. Nxd4 Nf6 5. Nc3 a6 6. Bc4 e6 7. Bb3 Be7 8. g4 b5 9. g5 Nfd7 10. Bxe6 fxe6 11. Nxe6 Qa5 12. Nxg7+ Kf7 13. Nf5 Bb7 14. Qh5+ Kf8 15. g6 Bf6 16. Bh6+ Kg8 17. g7 Nc6 18. gxh8Q+ Kxh8 19. Nxd6 Bxc3+ 20. Kd1 Nf6 21. Nf7+ Kg8 22. Rg1+ 1-0

[Event "Dhaka Metropolis op U2100"]
[Site "Dhaka"]
[Date "2022.10.17"]
[Round "1"]
[White "Md, Sariatullah"]
[Black "Faysal, Yousuf"]
[Result "1-0"]
[WhiteElo "2036"]
[BlackElo "1526"]
[PlyCount "55"]
[EventDate "2022.10.17"]
[EventType "swiss"]
[EventRounds "9"]
[EventCountry "BAN"]
[SourceTitle "EXT 2024"]
[Source "ChessBase"]
[SourceDate "2023.10.10"]
[SourceVersion "1"]
[SourceVersionDate "2023.10.10"]
[SourceQuality "1"]

1. e4 e5 2. Nf3 Nf6 3. Nxe5 d6 4. Nf3 Nxe4 5. d4 d5 6. Bd3 Bd6 7. 0-0 0-0 8. c4 c6 9. Nc3 Bf5 10. Qc2 Re8 11. Re1 Bb4 12. Bf4 Bg6 13. a3 Bxc3 14. bxc3 Nd7 15. cxd5 cxd5 16. c4 Rc8 17. c5 Rc6 18. Qb2 b6 19. Bb5 Rf6 20. Bg3 bxc5 21. dxc5 Nexc5 22. Bh4 Be4 23. Bxf6 gxf6 24. Nd4 Qb8 25. Qd2 Re5 26. Bxd7 Nxd7 27. Nc6 Qd6 28. Nxe5 1-0

[Event "Dhaka Marcel op"]
[Site "Dhaka"]
[Date "2022.04.27"]
[Round "9"]
[White "Md Abu, Hanif"]
[Black "Md, Sariatullah"]
[Result "0-1"]
[WhiteElo "2020"]
[BlackElo "1971"]
[PlyCount "58"]
[EventDate "2022.04.19"]
[EventType "swiss"]
[EventRounds "9"]
[EventCountry "BAN"]
[SourceTitle "EXT 2023"]
[Source "ChessBase"]
[SourceDate "2022.10.05"]
[SourceVersion "1"]
[SourceVersionDate "2022.10.05"]
[SourceQuality "1"]

1. d4 Nf6 2. Nf3 c6 3. c4 d5 4. cxd5 cxd5 5. Nc3 e6 6. Bf4 a6 7. e3 Be7 8. Bd3 Nh5 9. Bg3 Nxg3 10. hxg3 g6 11. Qc2 Nc6 12. a3 0-0 13. Rc1 Re8 14. 0-0 Bf8 15. Na4 e5 16. dxe5 Bg4 17. Qd2 Rc8 18. Nh2 Nxe5 19. Nxg4 Nxg4 20. Be2 Nf6 21. Rfd1 Ne4 22. Qd3 Rxc1 23. Rxc1 Bh6 24. Rf1 Nxg3 25. Rd1 Qh4 26. fxg3 Qxg3 27. Bf3 Bxe3+ 28. Qxe3 Rxe3 29. Bxd5 Re1+ 0-1

[Event "Dhaka Marcel op"]
[Site "Dhaka"]
[Date "2022.04.24"]
[Round "6"]
[White "Md, Sariatullah"]
[Black "Mohammad, Javed"]
[Result "1-0"]
[WhiteElo "1971"]
[BlackElo "2070"]
[PlyCount "69"]
[EventDate "2022.04.19"]
[EventType "swiss"]
[EventRounds "9"]
[EventCountry "BAN"]
[SourceTitle "EXT 2023"]
[Source "ChessBase"]
[SourceDate "2022.10.05"]
[SourceVersion "1"]
[SourceVersionDate "2022.10.05"]
[SourceQuality "1"]

1. e4 c6 2. d4 d5 3. e5 Bf5 4. Ne2 e6 5. Ng3 Bg6 6. h4 h5 7. Bd3 Ne7 8. Nc3 Qb6 9. Nce2 c5 10. c3 cxd4 11. cxd4 Nbc6 12. a3 a6 13. b4 Bxd3 14. Qxd3 Ng6 15. f4 Be7 16. f5 Nf8 17. Be3 Rc8 18. Rc1 Rc7 19. Kf2 f6 20. Rhd1 Kf7 21. Nf4 Rc8 22. fxe6+ Kg8 23. Nxd5 Qd8 24. exf6 Bxf6 25. Qf5 Bxh4 26. Nf4 Rh6 27. d5 Ne7 28. Qf7+ Kh8 29. Rxc8 Nxc8 30. Bd4 Bxg3+ 31. Kxg3 h4+ 32. Kh2 Rh7 33. Bc5 g5 34. Qxf8+ Qxf8 35. Ng6+ 1-0

[Event "Dhaka Walton op"]
[Site "Dhaka"]
[Date "2022.04.12"]
[Round "9"]
[White "Mohammad, Javed"]
[Black "Md, Sariatullah"]
[Result "1/2-1/2"]
[WhiteElo "2070"]
[BlackElo "1971"]
[PlyCount "63"]
[EventDate "2022.04.04"]
[EventType "swiss"]
[EventRounds "9"]
[EventCountry "BAN"]
[SourceTitle "CBM 207 Extra"]
[Source "ChessBase"]
[SourceDate "2022.05.31"]
[SourceVersion "1"]
[SourceVersionDate "2022.05.31"]
[SourceQuality "1"]

1. e4 e5 2. Nf3 Nc6 3. d4 exd4 4. Bc4 Bb4+ 5. c3 dxc3 6. bxc3 Ba5 7. 0-0 d6 8. Qb3 Qf6 9. e5 dxe5 10. Nbd2 Nge7 11. Ne4 Qg6 12. Neg5 0-0 13. Nxf7 Rxf7 14. Ng5 Nd8 15. Rd1 Nec6 16. Rxd8+ Nxd8 17. Qb5 Be6 18. Nxf7 Nxf7 19. Bxe6 Bxc3 20. Qxb7 Rd8 21. Bb2 Qxe6 22. Bxc3 Qxa2 23. h3 Qc4 24. Ba5 h6 25. Bxc7 Rd7 26. Qb8+ Kh7 27. Bxe5 Nxe5 28. Qxe5 Rd5 29. Qe1 a5 30. Rxa5 Rxa5 31. Qxa5 Qc1+ 32. Kh2 1/2-1/2

[Event "BAN-chT 1st League"]
[Site "Dhaka"]
[Date "2022.03.16"]
[Round "7.2"]
[White "Dhulipalla, Bala Chandra Prasad"]
[Black "Md, Sariatullah"]
[Result "1-0"]
[WhiteElo "2422"]
[BlackElo "1971"]
[PlyCount "121"]
[EventDate "2022.03.10"]
[EventType "team-tourn"]
[EventRounds "11"]
[EventCountry "BAN"]
[SourceTitle "EXT 2023"]
[Source "ChessBase"]
[SourceDate "2022.10.05"]
[SourceVersion "1"]
[SourceVersionDate "2022.10.05"]
[SourceQuality "1"]
[WhiteTeam "Palli Sanchoy Bank"]
[BlackTeam "Sonali Bank Sports"]
[WhiteTeamCountry "BAN"]
[BlackTeamCountry "BAN"]

1. d4 Nf6 2. Nf3 d5 3. Bf4 Bf5 4. c4 e6 5. Nc3 c6 6. Qb3 Qb6 7. c5 Qxb3 8. axb3 Nbd7 9. b4 Be7 10. b5 0-0 11. e3 Nh5 12. b4 Nxf4 13. exf4 Bf6 14. Kd2 h6 15. Bd3 Bxd3 16. Kxd3 a6 17. bxc6 bxc6 18. Ra4 Ra7 19. Rha1 Nb8 20. b5 cxb5 21. Nxb5 Rb7 22. Nd6 Rc7 23. Rb1 Be7 24. Ne5 Bxd6 25. cxd6 Rcc8 26. Rab4 f6 27. Ng6 Nc6 28. Rb6 Rf7 29. Rxa6 Kh7 30. d7 Rd8 31. f5 exf5 32. Nf4 Ne7 33. Rb7 Ng6 34. Nxd5 Rdxd7 35. Rxd7 Rxd7 36. Ne3 Nf4+ 37. Kc4 Rc7+ 38. Kb5 Rd7 39. g3 Nd3 40. d5 f4 41. gxf4 Nxf4 42. Kc6 Rf7 43. Ra4 Nd3 44. d6 Ne5+ 45. Kd5 g5 46. Ke6 Kg6 47. Nd5 Rb7 48. Ra8 Nd7 49. Rg8+ Kh7 50. Rc8 Kg6 51. Rc7 Nf8+ 52. Ke7 Rb8 53. Nxf6 Kf5 54. Nd7 Ng6+ 55. Kf7 Nh8+ 56. Kg7 Re8 57. Ra7 h5 58. Ra5+ Kf4 59. Ra4+ Kf5 60. Ra5+ Kf4 61. Ne5 1-0

[Event "Dhaka Al Mahmud Memorial"]
[Site "Dhaka"]
[Date "2022.02.11"]
[Round "7"]
[White "Marzouq, Chowdhury"]
[Black "Md, Sariatullah"]
[Result "1-0"]
[WhiteElo "1855"]
[BlackElo "1990"]
[PlyCount "51"]
[EventDate "2022.02.05"]
[EventType "swiss"]
[EventRounds "9"]
[EventCountry "BAN"]
[SourceTitle "CBM 206 Extra"]
[Source "ChessBase"]
[SourceDate "2022.03.31"]
[SourceVersion "1"]
[SourceVersionDate "2022.03.31"]
[SourceQuality "1"]

1. d4 Nf6 2. c4 e6 3. g3 d5 4. Nf3 b6 5. Bg2 Bb7 6. 0-0 Be7 7. Ne5 0-0 8. Nc3 Nbd7 9. Bf4 c6 10. e4 dxe4 11. Nxe4 Nxe4 12. Bxe4 Nxe5 13. Bxe5 Bf6 14. Qf3 Bxe5 15. dxe5 Qc7 16. Qc3 Rad8 17. Rfd1 g6 18. c5 Rd5 19. Bxd5 exd5 20. cxb6 axb6 21. Rxd5 c5 22. Rd6 h5 23. Rad1 h4 24. f3 Bc8 25. Qc4 Be6 26. Qxh4 1-0

[Event "Dhaka Al Mahmud Memorial"]
[Site "Dhaka"]
[Date "2022.02.06"]
[Round "2"]
[White "Md, Sariatullah"]
[Black "Mrittika, Mallick"]
[Result "0-1"]
[WhiteElo "1990"]
[BlackElo "1666"]
[PlyCount "46"]
[EventDate "2022.02.05"]
[EventType "swiss"]
[EventRounds "9"]
[EventCountry "BAN"]
[SourceTitle "EXT 2023"]
[Source "ChessBase"]
[SourceDate "2022.10.05"]
[SourceVersion "1"]
[SourceVersionDate "2022.10.05"]
[SourceQuality "1"]

1. b3 d5 2. Bb2 Bf5 3. e3 e6 4. Nf3 Nf6 5. c4 c6 6. Be2 Nbd7 7. 0-0 Bd6 8. d4 Ne4 9. Nbd2 0-0 10. Ne5 f6 11. Nd3 Qe8 12. f3 Qh5 13. f4 Qg6 14. Nf3 Qh6 15. Qe1 g5 16. Bc1 Kh8 17. fxg5 Nxg5 18. Nf4 e5 19. Nh4 Be4 20. Nh5 Rg8 21. Bg4 f5 22. Nxf5 Qxh5 23. Rf4 Nh3+ 0-1